Special report no.1, The bombing in Jaffna & special report no.2 (provincial), operation major (Record no. 2535)

MARC details
000 -LEADER
fixed length control field 005020000a22001570004500
005 - DATE AND TIME OF LATEST TRANSACTION
control field 20231225192801.0
008 - FIXED-LENGTH DATA ELEMENTS--GENERAL INFORMATION
fixed length control field 230817t1990 ||||| |||| 00| 0 eng d
082 ## - DEWEY DECIMAL CLASSIFICATION NUMBER
Classification number 363.325
Item number UNI
942 ## - ADDED ENTRY ELEMENTS (KOHA)
Item Type Reports
110 ## - MAIN ENTRY--CORPORATE NAME
Corporate Name University Teachers for human rights (Jaffna)
245 ## - TITLE STATEMENT
Title Special report no.1, The bombing in Jaffna & special report no.2 (provincial), operation major
260 ## - PUBLICATION, DISTRIBUTION, ETC. (IMPRINT)
Place of Publication Thirunelveli:
Name of Publisher UTHR (Jaffna),
Date of Copyright 1990
300 ## - PHYSICAL DESCRIPTION
Extent 22 p.
650 ## - SUBJECT ADDED ENTRY--TOPICAL TERM
Topical Term HUMAN RIGHTS-Jaffna
650 ## - SUBJECT ADDED ENTRY--TOPICAL TERM
Topical Term Terrorism-Sri Lanka
Holdings
Withdrawn status Lost status Damaged status Not for loan Permanent location Current location Date acquired Total Checkouts Full call number Barcode Date last seen Price effective from Koha item type
        Resource center, Muslim Women's Research And Action Forum Resource center, Muslim Women's Research And Action Forum 2023-08-17   363.325 UNI RAF3681 2023-08-17 2023-08-17 Books
        Resource center, Muslim Women's Research And Action Forum Resource center, Muslim Women's Research And Action Forum 2023-08-17   363.325 UNI RAF3682 2023-08-17 2023-08-17 Books

Copyright © 2023 Muslim Women's Research and Action Forum (MWRAF), No 27/3, Anderson Road, Kalubowila, Dehiwela. Funded by The Asia Fundation